Country and States Match-Up Quiz Stats

Quiz Updated Feb 25, 2015

Challenge
Share
Tweet
Score 0/10 Timer 08:00
4 Plays Today
% Correct
United States
98%
Canada
90.1%
Australia
82.8%
United Kingdom
76.8%
Japan
69.5%
China
65%
France
56.9%
Germany
54.7%
Mexico
51.9%
Spain
48.2%

You're not logged in!

Compare scores with friends on all Sporcle quizzes.
Sign Up with Email
OR
Log In

You Might Also Like...

Show Comments

Extras

Top Quizzes Today


Score Distribution

Your Account Isn't Verified!

In order to create a playlist on Sporcle, you need to verify the email address you used during registration. Go to your Sporcle Settings to finish the process.